| 000 | 00000nam##2200000za#4500 |
| 001 | 9.613586 |
| 003 | CaOODSP |
| 005 | 20200327131339 |
| 007 | ta |
| 008 | 150406|1997||||xxc||||| f|0| 0 eng|d |
| 022 | |a0706-6457 |
| 040 | |aCaOODSP|beng |
| 043 | |an-cn--- |
| 086 | 1 |aFs97-6/2141E |
| 110 | 1 |aCanada. |bDepartment of Fisheries and Oceans. |
| 245 | 10|aDistribution of juvenile Atlantic herring in the southern Gulf of St. Lawrence / |cby H. M. C. Dupuis et al. |
| 260 | |aOttawa - Ontario : |bFisheries and Oceans Canada |c1997. |
| 300 | |aiii, 19p. : |bgraphs, references, table ; |c28 cm. |
| 490 | 1 |aCanadian technical report of fisheries and aquatic sciences|x0706-6457|v2141 |
| 500 | |aPrepared at the Science Branch, Fisheries and Oceans, P.O. Box 5030, Moncton, New Brunswick E1C 9B6. |
| 546 | |aRésumés en français |
| 563 | |aSoftcover |
| 590 | |a97-04|b1997-01-24 |
| 720 | 1 |aDupuis, H. M. C. |
| 776 | 0#|tDistribution of juvenile Atlantic herring in the southern Gulf of St. Lawrence / |w(CaOODSP)9.574119 |
| 830 | #0|aCanadian technical report of fisheries and aquatic sciences,|x0706-6457|v2141|w(CaOODSP)9.514691 |